Forestia η μαγεία του δάσους.

Αποθηκεύτηκε σε:
Λεπτομέρειες βιβλιογραφικής εγγραφής
Μορφή: Ηλεκτρονική πηγή
Γλώσσα:Greek
Δημοσίευση: Αθήνα : Εκδοτικός Οργανισμός Λιβάνη, c2000.
Θέματα:
Ετικέτες: Προσθήκη ετικέτας
Δεν υπάρχουν, Καταχωρήστε ετικέτα πρώτοι!

MARC

LEADER 00000cmm a2200000 i 4500
001 1/17681
008 010228s2000 gr | | | gre||
020 |a 960753414X 
035 |l 10066225 
040 |a GR-MyUa  |b gre  |e AACR2 
041 0 |a gre 
082 7 |a 371.334   |2 (21) 
245 0 0 |a Forestia   |h [Αρχείο Η/Υ] :   |b η μαγεία του δάσους.  
260 |a Αθήνα :   |b Εκδοτικός Οργανισμός Λιβάνη,   |c c2000.  
300 |a 1 οπτική δισκέτα λέιζερ Η/Υ :   |b έγχρ. ;   |c 4 3/4 ίν. +   |e 1 εγχειρίδιο 
500 |a Με τη συμμετοχή του Εθνικού Κέντου Κινηματογράφου και του Υφυπουργείου Βιομηχανίας της Γαλλίας. 
521 8 |a Από 7 χρονών και άνω.  
538 |a Ελάχιστες απαιτήσεις για PC: WINDOWS 95 ή νεότερο, Pentium ή ισοδύναμο, 16 MB RAM (συνιστάται 24MB), 25 MB διαθέσιμο χώρο στο δίσκο, οδηγός CD ROM 4x (συνιστάται 8χ); Ελάχιστες απαιτήσεις για MAC: 68040, Power Mac ή συμβατό, 32 MB RAM, σύστημα 7.5 ή νεότερο, 25 MB διαθέσιμο χώρο στο δίσκο, οδηγός CD ROM 4x (συνιστάται 8χ). 
650 0 |a Educational games  |x Interactive multimedia. 
852 |a INST  |b SYROS  |c AV  |e 20010228  |h 371.334 FOR  |p 005500001368  |q 005500001368  |t CDROM  |y 23 
901 |a BIBL5-2000-2 
970 |a Κοντού  |b Παρασκευή  |z 28/02/2001